Statistiques concernant nommes ces fruit et légumes

Cliquez ici pour prendre le quiz!

Statistiques générales

  • Ce quiz a été pris 875 fois
    (861 depuis la dernière actualisation)
  • Le résultat moyen est 15 sur 16

Statistiques - réponses

Réponse% Correct
ananas
100%
banane
100%
citron
100%
kiwi
99%
melon
99%
brocoli
98%
pasteque
98%
poivron
98%
tomate
98%
pomme de terre
97%
haricot
96%
chou-fleur
94%
groseille
91%
poireau
88%
papaye
83%
kumquat
44%

Distribution des résultats

Percentile par nombre de réponses

% des personnes avec chaque résultat

Votre développement - résultats

Vous n’avez pas pris ce quiz depuis la dernière actualisation